<?xml version="1.0" encoding="UTF-8"?>
<record
    xmlns:xsi="http://www.w3.org/2001/XMLSchema-instance"
    xsi:schemaLocation="http://www.loc.gov/MARC21/slim http://www.loc.gov/standards/marcxml/schema/MARC21slim.xsd"
    xmlns="http://www.loc.gov/MARC21/slim">

  <leader>00643cam a22002171  4500</leader>
  <controlfield tag="001">sa 63004867 </controlfield>
  <controlfield tag="003">DLC</controlfield>
  <controlfield tag="005">20260227111951.0</controlfield>
  <controlfield tag="008">940715s1962    ii            000 0 pano </controlfield>
  <datafield tag="010" ind1=" " ind2=" ">
    <subfield code="a">sa 63004867 </subfield>
  </datafield>
  <datafield tag="025" ind1=" " ind2=" ">
    <subfield code="a">PL480:I-Pu-192</subfield>
  </datafield>
  <datafield tag="035" ind1=" " ind2=" ">
    <subfield code="a">(OCoLC)30773468</subfield>
  </datafield>
  <datafield tag="040" ind1=" " ind2=" ">
    <subfield code="a">DLC</subfield>
    <subfield code="c">CU</subfield>
    <subfield code="d">CU</subfield>
    <subfield code="d">NSyU</subfield>
    <subfield code="d">DLC</subfield>
  </datafield>
  <datafield tag="042" ind1=" " ind2=" ">
    <subfield code="a">premarc</subfield>
  </datafield>
  <datafield tag="050" ind1="0" ind2="0">
    <subfield code="a">PK2659.S5978</subfield>
    <subfield code="b">B3</subfield>
  </datafield>
  <datafield tag="100" ind1="1" ind2=" ">
    <subfield code="a">Si&#x1E45;gha, Bhagaw&#x101;na.</subfield>
  </datafield>
  <datafield tag="245" ind1="1" ind2="0">
    <subfield code="a">Bah&#x101;dara J&#x101;s&#x16B;sa;</subfield>
    <subfield code="b">Ja&#x1E45;ga Bah&#x101;dara n&#x101;me j&#x101;s&#x16B;sa ... d&#x101; h&#x101;la,</subfield>
    <subfield code="c">Bhagaw&#x101;na Si&#x1E45;gha N&#x101;walis&#x1E6D;a.</subfield>
  </datafield>
  <datafield tag="260" ind1=" " ind2=" ">
    <subfield code="a">Ammritasara,</subfield>
    <subfield code="b">Bh&#x101;pe d&#x12B; Ha&#x1E6B;&#x1E6B;&#x12B;</subfield>
    <subfield code="c">[1962?]</subfield>
  </datafield>
  <datafield tag="300" ind1=" " ind2=" ">
    <subfield code="a">80 p.</subfield>
    <subfield code="c">19 cm.</subfield>
  </datafield>
  <datafield tag="500" ind1=" " ind2=" ">
    <subfield code="a">In Panjabi.</subfield>
  </datafield>
  <datafield tag="999" ind1=" " ind2=" ">
    <subfield code="c">55890</subfield>
    <subfield code="d">55890</subfield>
  </datafield>
</record>
